Most Expensive Football Transfers - Statistics

General Stats
  • This quiz has been taken 36 times
  • The average score is 27 of 55
Answer Stats
Player From To Fee (€) % Correct
Neymar Barcelona Paris Saint-Germain 222
100%
Kylian Mbappe Monaco Paris Saint-Germain 180
97%
Antoine Griezmann Atletico Madrid Barcelona 120
83%
Joao Felix Benfica Atletico Madrid 126
83%
Jude Bellingham Borussia Dortmund Real Madrid 103
83%
Harry Kane Tottenham Hotspur Bayern Munich 100
80%
Jack Grealish Aston Villa Manchester City 117
80%
Cristiano Ronaldo Real Madrid Juventus 100
77%
Gareth Bale Tottenham Hotspur Real Madrid 100
77%
Neymar Paris Saint-Germain Al Hilal 90
77%
Paul Pogba Juventus Manchester United 105
77%
Philippe Coutinho Liverpool Barcelona 145
77%
Declan Rice West Ham Arsenal 116
73%
Moises Caicedo Brighton Chelsea 116
73%
Ousmane Dembele Borussia Dortmund Barcelona 105
73%
Antony Ajax Manchester United 95
70%
Eden Hazard Chelsea Real Madrid 100
70%
Enzo Fernandez Benfica Chelsea 121
70%
Jadon Sancho Borussia Dortmund Manchester United 85
70%
Romelu Lukaku Inter Milan Chelsea 115
70%
Virgil Van Dijk Southampton Liverpool 84
70%
Harry Maguire Leicester City Manchester United 87
67%
Josko Gvardiol RB Leipzig Manchester City 90
67%
Cristiano Ronaldo Manchester United Real Madrid 94
60%
Kai Havertz Bayer Leverkusen Chelsea 84
60%
Romelu Lukaku Everton Manchester United 85
53%
Gonzalo Higuain Napoli Juventus 90
43%
Kepa Arrizabalaga Athletic Bilbao Chelsea 80
43%
Lucas Hernandez Atletico Madrid Bayern Munich 80
40%
Romelu Lukaku Manchester United Inter Milan 80
40%
Aurelien Tchouameni Monaco Real Madrid 80
37%
Frenkie De Jong Ajax Barcelona 75
37%
Kevin De Bruyne Wolfsburg Manchester City 75
37%
Matthijs De Ligt Ajax Juventus 75
37%
Nicolas Pepe Lille Arsenal 80
37%
Darwin Nunez Benfica Liverpool 80
33%
Luis Suarez Liverpool Barcelona 82
33%
Julian Alvarez Manchester City Atletico Madrid 75
30%
Randal Kolo Muani Eintracht Frankfurt Paris Saint-Germain 75
30%
Rasmus Hojlund Atalanta Manchester United 75
30%
Wesley Fofana Leicester City Chelsea 80
30%
Kai Havertz Chelsea Arsenal 75
27%
Mykhailo Mudryk Shakhtar Donetsk Chelsea 70
23%
Zinedine Zidane Juventus Real Madrid 76
23%
Alexander Isak Real Sociedad Newcastle 70
20%
Alisson Roma Liverpool 70
20%
Angel Di Maria Real Madrid Manchester United 75
20%
Arthur Barcelona Juventus 72
20%
Casemiro Real Madrid Manchester United 70
20%
James Rodriguez Monaco Real Madrid 75
20%
Rodri Atletico Madrid Manchester City 70
20%
Victor Osimhen Lille Napoli 70
20%
Thomas Lemar Monaco Atletico Madrid 70
17%
Dusan Vlahovic Fiorentina Juventus 70
13%
Dominik Szoboszlai RB Leipzig Liverpool 70
10%
No matching quizzes found
Score Distribution
Percent of People with Each Score
Percentile by Number Answered
Your Score History
You have not taken this quiz